Countries of the World by Scrabble Tile Value #1 - Statistics

General Stats
  • This quiz has been taken 44 times
  • The average score is 6 of 15
Answer Stats
Country LETTER 1 LETTER 2 LETTER 3 LETTER 4 LETTER 5 LETTER 6 LETTER 7 % Correct
Iraq 1 1 1 10
83%
Jamaica 8 1 3 1 1 3 1
69%
Jordan 8 1 1 2 1 1
61%
Oman 1 3 1 1
56%
Finland 4 1 1 1 1 1 2
44%
Denmark 2 1 1 3 1 1 5
42%
Kosovo 5 1 1 1 4 1
36%
Ukraine 1 5 1 1 1 1 1
36%
Ghana 2 4 1 1 1
31%
Germany 2 1 1 3 1 1 4
28%
Tonga 1 1 1 2 1
25%
Vanuatu 4 1 1 1 1 1 1
25%
Ireland 1 1 1 1 1 1 2
22%
Bahrain 3 1 4 1 1 1 1
19%
Moldova 3 1 1 2 1 4 1
17%
No matching quizzes found
Score Distribution
Percent of People with Each Score
Percentile by Number Answered
Your Score History
You have not taken this quiz